Principles of building economics : An introduction
| Main Author: | |
|---|---|
| Format: | Book |
| Published: |
Oxford :
Black Well Scintific Publ ,
1991
|
| Subjects: |
MARC
| LEADER | 00000cam a2200000 7i4500 | ||
|---|---|---|---|
| 001 | 0000003602 | ||
| 005 | 20050615.0 | ||
| 020 | |a 063202917 | ||
| 040 | |a INS | ||
| 090 | 0 | 0 | |a TH437. |b R136 1991 |
| 100 | 1 | |a Raftery, John | |
| 245 | 1 | 0 | |a Principles of building economics : |b An introduction |c John Raftney |
| 260 | |a Oxford : |b Black Well Scintific Publ , |c 1991 | ||
| 650 | 0 | 0 | |a Industrial project management |
| 650 | 0 | 0 | |a Risk management |
| 999 | |a 0000006977 |b BOOK |c Open Shelf |e Default branch | ||